Normal view
MARC view
- Trials, litigation, etc
Entry Genre/Form Term
001 - CONTROL NUMBER
- control field: 87579
003 - CONTROL NUMBER IDENTIFIER
- control field: NUST
005 - DATE AND TIME OF LATEST TRANSACTION
- control field: 20220110132107.0
008 - FIXED-LENGTH DATA ELEMENTS
- fixed length control field: 220110|| aca||aabn | a|a d
040 ## - CATALOGING SOURCE
- Original cataloging agency: NUST
- Transcribing agency: NUST
155 ## - HEADING--GENRE/FORM TERM
- Genre/form term: Trials, litigation, etc
670 ## - SOURCE DATA FOUND
- Source citation: Work cat.: (NUST)587526: Civil law cases:, 1983.
